Statistics for 大相撲の決まり手

Click here to take the quiz!

General Stats

  • This quiz has been taken 76 times
  • The average score is 22 of 82

Answer Stats

Answer% Correct
押し出し
93%
寄り切り
92%
上手投げ
81%
下手投げ
80%
押し倒し
61%
突き出し
59%
打っ棄り
59%
上手出し投げ
58%
寄り倒し
56%
叩き込み
56%
下手出し投げ
54%
吊り出し
49%
送り出し
47%
突き落とし
47%
掬い投げ
46%
居反り
44%
小手投げ
42%
内掛け
41%
外掛け
41%
突き倒し
36%
肩すかし
36%
引き落とし
36%
浴びせ倒し
32%
一本背負い
32%
極め出し
31%
とったり
31%
下手捻り
29%
上手捻り
29%
三所攻め
29%
内無双
27%
外無双
27%
首投げ
27%
波離間投げ
25%
鯖折り
25%
吊り落とし
25%
掛け投げ
25%
小股掬い
24%
徳利投げ
24%
頭捻り
24%
河津掛け
24%
腕捻り
22%
たすき反り
22%
足とり
22%
送り吊り落とし
19%
送り吊り出し
19%
伝え反り
19%
送り倒し
19%
ちょん掛け
19%
櫓投げ
19%
合掌捻り
19%
網打ち
17%
引っ掛け
17%
送り投げ
17%
蹴手繰り
17%
撞木反り
15%
腰投げ
15%
二丁投げ
14%
首捻り
14%
切り返し
12%
大逆手
12%
後ろもたれ
12%
二枚蹴り
10%
送り引き落とし
10%
呼び戻し
10%
割り出し
8%
極め倒し
8%
小手捻り
8%
裾払い
8%
渡し込み
8%
逆取ったり
8%
素首落とし
7%
蹴返し
7%
つかみ投げ
7%
外小股
7%
大股
7%
褄取り
7%
送り掛け
7%
小褄取り
5%
巻き落とし
5%
裾取り
3%
掛け反り
3%
外たすき反り
3%

Score Distribution

Percentile by Number Answered

Percent of People with Each Score

Your Score History

You have not taken this quiz